<?xml version="1.0" encoding="UTF-8"?>
<collection xmlns="http://www.loc.gov/MARC21/slim">
 <record>
  <leader>01735nam a2200241Ia 4500</leader>
  <controlfield tag="001">CTU_226880</controlfield>
  <controlfield tag="008">210402s9999    xx            000 0 und d</controlfield>
  <datafield tag="020" ind1=" " ind2=" ">
   <subfield code="c">1077000</subfield>
  </datafield>
  <datafield tag="082" ind1=" " ind2=" ">
   <subfield code="a">332.67</subfield>
  </datafield>
  <datafield tag="082" ind1=" " ind2=" ">
   <subfield code="b">B974</subfield>
  </datafield>
  <datafield tag="100" ind1=" " ind2=" ">
   <subfield code="a">Burton, Edward</subfield>
  </datafield>
  <datafield tag="245" ind1=" " ind2="0">
   <subfield code="a">Business and entrepreneurship in Saudi Arabia :</subfield>
  </datafield>
  <datafield tag="245" ind1=" " ind2="0">
   <subfield code="b">Opportunities for partnering and investing in emerging businesses</subfield>
  </datafield>
  <datafield tag="245" ind1=" " ind2="0">
   <subfield code="c">Edward Burton</subfield>
  </datafield>
  <datafield tag="260" ind1=" " ind2=" ">
   <subfield code="a">Hoboko, New Jersey</subfield>
  </datafield>
  <datafield tag="260" ind1=" " ind2=" ">
   <subfield code="b">John Wiley &amp; Sons</subfield>
  </datafield>
  <datafield tag="260" ind1=" " ind2=" ">
   <subfield code="c">2016</subfield>
  </datafield>
  <datafield tag="520" ind1=" " ind2=" ">
   <subfield code="a">Drawing on his years of experience in counseling American business, in government as a diplomat living and working in Saudi Arabia, and as a businessman, Edward Burton introduces the reader to the emerging new class of entrepreneurs in the Kingdom of Saudi Arabia. The book tells the story of Saudi Arabia's boom and why it deserves more of the world's attention from a global business perspective. Much of the book's content focuses on the transformative effects the aging of its family-owned business leaders are having on the reshaping of corporate boards, influencing technological innovation and changing the way business is done in what is one of the world's youngest and wealthiest countries. The book answers the question why Saudi Arabia's current industrial and economic boom has relevance to global business and why it is important to American competitiveness to better know and understand Saudi Arabia. This book is important for investors also because of the following facts about Saudi Arabia:</subfield>
  </datafield>
  <datafield tag="650" ind1=" " ind2=" ">
   <subfield code="a">Đầu tư, nước ngoài,Investments, foreign</subfield>
  </datafield>
  <datafield tag="650" ind1=" " ind2=" ">
   <subfield code="z">Ả Rập Saudi,Saudi Arabia</subfield>
  </datafield>
  <datafield tag="904" ind1=" " ind2=" ">
   <subfield code="i">Nhi</subfield>
  </datafield>
  <datafield tag="910" ind1=" " ind2=" ">
   <subfield code="b">dqhieu</subfield>
  </datafield>
  <datafield tag="980" ind1=" " ind2=" ">
   <subfield code="a">Trung tâm Học liệu Trường Đại học Cần Thơ</subfield>
  </datafield>
 </record>
</collection>
